Country Quiz: Côte d'Ivoire Stats

Quiz not verified by Sporcle

Challenge
Share
Tweet
Embed
Score 0/37 Timer 05:00
0 Plays Today
Hint Answer % Correct
Flag ColourWhite
94.4%
Flag ColourGreen
93.5%
Flag ColourOrange
89.8%
Bordering CountryGhana
83.3%
Official LanguageFrench
82.4%
CurrencyWest African CFA Franc
81.5%
ContinentAfrica
81.5%
Independence FromFrance
80.6%
Bordering CountryLiberia
80.6%
Bordering OceanAtlantic Ocean
79.6%
Bordering CountryGuinea
77.8%
Bordering Country Burkina Faso
77.8%
Age of Suffrage18 years
77.8%
Most Popular SportFootball
76.9%
Former NameIvory Coast (Allowed translation into other languages)
76.9%
Drives On The...Right
75%
Bordering CountryMali
73.1%
Largest ReligionIslam
71.3%
Official NameRépublique de Côte-d'Ivoire
68.5%
Hint Answer % Correct
Capital CityYamoussoukro
66.7%
Number of Civil Wars2
65.7%
Largest City Abidjan
64.8%
Internet Country Code.ci
63%
Lowest Point (0 m)Gulf of Guinea
61.1%
Bordering GulfGulf of Guinea
57.4%
Number of Regions/Departments19
47.2%
NationalityIvoirian
36.1%
PresidentAlassane Ouattara
35.2%
Independence Day7 August 1960
33.3%
A Part of This Union of African StatesAfrican Union
33.3%
Second Largest City Bouaké
30.6%
National AnthemL'Abidjanaise
27.8%
Third Largest CityDaloa
23.1%
Highest Point (1,752 m) Mont Nimba
18.5%
Official Motto Union – Discipline – Travail
14.8%
Prime Minister Guillaume Soro
12%
Largest LakeKossou Lake
10.2%

You're not logged in!

Compare scores with friends on all Sporcle quizzes.
Join for Free
OR
Log In

You Might Also Like...

Show Comments

Extras

Top Quizzes Today


Score Distribution

Your Account Isn't Verified!

In order to create a playlist on Sporcle, you need to verify the email address you used during registration. Go to your Sporcle Settings to finish the process.

Report this User

Report this user for behavior that violates our Community Guidelines.

Details: